Normal view
MARC view
- Pietro Giuseppe Fre
Entry Personal Name
001 - CONTROL NUMBER
- control field: 10596
003 - CONTROL NUMBER IDENTIFIER
- control field: NUST
005 - DATE AND TIME OF LATEST TRANSACTION
- control field: 20180529075752.0
008 - FIXED-LENGTH DATA ELEMENTS
- fixed length control field: 180529|| aca||aabn | a|a d
040 ## - CATALOGING SOURCE
- Original cataloging agency: NUST
- Transcribing agency: NUST
100 ## - HEADING--PERSONAL NAME
- Personal name: Pietro Giuseppe Fre
670 ## - SOURCE DATA FOUND
- Source citation: Work cat.: (NUST)0: Pietro Giuseppe Fre, Gravity, a geometrical course
